000 00847nam a22002537a 4500
003 DO-SdBNP
005 20220727121233.0
007 ta
008 220726b1971 |||||||| |p|| 00| 0 spa d
040 _aDO-SdBNP
_bspa
_cBNPHU
082 4 _222
_a507
_bT266d
100 1 0 _aTejada, Ramón
_946319
245 1 0 _aDiploma 5 :
_btexto de unidades didácticas ; Ciencias Naturales /
_cRamónTejada, Yolanda Pereira de Inoa y Luis J. Bourget ;
260 _aMadrid :
_bSantillana,
_c1971.
300 _a370 p.:
_bil.; retr.; map.;gráf.
_c26 cm
490 _aEl árbol alegre
500 _aLibro de texto para el nivel primario.
590 _aInventariado, 2022 / SA
650 4 0 _925754
_aCiencias Naturales
_xEnseñanzas
700 1 _aPereira de Inoa ,Yolanda
_982096
700 1 _aBourget, Luis J.
_982097
910 _aSaquino
942 _2ddc
_cLBS1
999 _c52234
_d52234